[Event "22nd Hoogeveen op"]
[Site "Hoogeveen NED"]
[Date "2018.10.20"]
[Round "1.27"]
[White "Maters, Arthur"]
[Black "De Boer, Eelke"]
[Result "0-1"]
[WhiteElo "1933"]
[BlackElo "2285"]
[EventDate "2018.10.20"]
[PlyCount "88"]

1.e4 c5 2.Nc3 d6 3.d4 cxd4 4.Qxd4 Nc6 5.Qd2 Nf6 6.b3 e6 7.Bb2 Be7 8.O-O-O 
a6 9.f3 b5 10.Kb1 O-O 11.g4 Nd7 12.h4 Nc5 13.g5 b4 14.Nce2 a5 15.Nd4 Nxd4 
16.Bxd4 e5 17.Bxc5 dxc5 18.Qd4 Qd6 19.Qxd6 Re8 20.Qd8 Rxd8 21.Rxd8+ Bxd8 
22.Bc4 Ba6 23.Ne2 Bxc4 24.bxc4 f6 25.Rd1 fxg5 26.h5 Bf6 27.Rd5 Rc8 28.Nc1 
g6 29.h6 Be7 30.Rxe5 Bf8 31.Nd3 Bxh6 32.Nxc5 Rf8 33.Rd5 Rxf3 34.e5 g4 35.
e6 Re3 36.Rd8+ Kg7 37.Rd7+ Kf8 38.Rd8+ Ke7 39.Rd7+ Kf6 40.Rf7+ Kg5 41.Rf1 
g3 42.Kc1 Kg4 43.Kd1 g2 44.Rg1 Kg3 0-1

[Event "22nd Hoogeveen op"]
[Site "Hoogeveen NED"]
[Date "2018.10.20"]
[Round "1.35"]
[White "Husers, Yannic"]
[Black "Sparenberg, Erik"]
[Result "0-1"]
[WhiteElo "1866"]
[BlackElo "2224"]
[EventDate "2018.10.20"]
[PlyCount "78"]

1.e4 e5 2.Nf3 Nc6 3.c3 Nf6 4.d4 d6 5.d5 Nb8 6.Bd3 Be7 7.O-O O-O 8.h3 a5 9.
a4 Na6 10.Nbd2 c6 11.c4 Nd7 12.g4 Ndc5 13.Bb1 Nb4 14.Ra3 cxd5 15.exd5 f5 
16.Nh2 Bg5 17.Ndf3 Bxc1 18.Qxc1 fxg4 19.hxg4 Rf4 20.g5 Bd7 21.Kh1 Bxa4 22.
Rc3 Qe7 23.Ng1 Raf8 24.Nh3 Rh4 25.Qe3 Bd7 26.Ng1 Rff4 27.Nf3 Rh3 28.Qd2 
Bg4 29.Kg2 Qd7 30.Ng1 Rh5 31.Rg3 Bf5 32.Qd1 g6 33.Bxf5 Qxf5 34.Nh3 Rd4 35.
Qc1 Nbd3 36.Qc3 Rdh4 37.Qxa5 Rxh3 38.Qd8+ Kf7 39.Ng4 Nf4+ 0-1

[Event "22nd Hoogeveen op"]
[Site "Hoogeveen NED"]
[Date "2018.10.21"]
[Round "2.9"]
[White "Kuipers, Stefan"]
[Black "Elgersma, Simon"]
[Result "1-0"]
[WhiteElo "2467"]
[BlackElo "2237"]
[EventDate "2018.10.20"]
[PlyCount "67"]

1.e4 e6 2.d4 d5 3.Nc3 Nf6 4.Bg5 Bb4 5.e5 h6 6.Bc1 Ne4 7.Qg4 Kf8 8.Ne2 c5 
9.a3 h5 10.Qf4 Ba5 11.dxc5 Nd7 12.b4 Nxc3 13.Nxc3 Bc7 14.Qd2 Nxe5 15.Bb2 
Qf6 16.Nd1 Qg6 17.Ne3 Bd7 18.f4 Ng4 19.Bd3 Qh6 20.g3 Nxe3 21.Qxe3 h4 22.
Rf1 e5 23.O-O-O Re8 24.Qd2 hxg3 25.hxg3 exf4 26.gxf4 Bg4 27.Rde1 Rxe1+ 28.
Qxe1 Bh3 29.Rg1 Qxf4+ 30.Kb1 f6 31.Rxg7 Bd8 32.Rxb7 Bg2 33.Qe6 Rh1+ 34.Ka2
1-0

[Event "22nd Hoogeveen op"]
[Site "Hoogeveen NED"]
[Date "2018.10.21"]
[Round "2.26"]
[White "Jelic, Bruno"]
[Black "Damen, Jip"]
[Result "0-1"]
[WhiteElo "2076"]
[BlackElo "2192"]
[EventDate "2018.10.20"]
[PlyCount "106"]

1.d4 e6 2.c4 Nf6 3.Nf3 c5 4.Nc3 cxd4 5.Nxd4 d5 6.cxd5 Nxd5 7.Bd2 e5 8.Nb3 
Nc6 9.g3 Be6 10.Bg2 Be7 11.O-O O-O 12.Nxd5 Bxd5 13.Bc3 Bxg2 14.Qd2 Qd6 15.
Qxd6 Rfe8 16.Qd8 Rexd8 17.Kxg2 f6 18.Rfd1 Kf7 19.Na5 Nxa5 20.Bxa5 b6 21.
Bc3 Ke6 22.e4 Rac8 23.f4 exf4 24.gxf4 g6 25.Kf3 b5 26.a3 Rxd1 27.Rxd1 Bxa3
28.Bd4 Be7 29.Ra1 Rc4 30.Ra6+ Bd6 31.Bxa7 Ra4 32.Rxa4 bxa4 33.h3 Bb4 34.
Bd4 Bd2 35.Bc5 h6 36.Bd4 f5 37.Bg7 Bb4 38.Bd4 Be7 39.Bc3 Bd8 40.Bd4 fxe4+ 
41.Kxe4 Bf6 42.Bxf6 Kxf6 43.h4 Ke6 44.Kf3 Kf5 45.Kg3 Ke4 46.Kg4 Kd3 47.h5 
gxh5+ 48.Kxh5 Ke4 49.Kxh6 Kxf4 50.Kg6 Ke4 51.Kf6 Kd4 52.Ke6 Kc4 53.Kd6 Kb3
0-1

[Event "22nd Hoogeveen op"]
[Site "Hoogeveen NED"]
[Date "2018.10.21"]
[Round "2.30"]
[White "Van Foreest, Machteld"]
[Black "Rakshitta, Ravi"]
[Result "0-1"]
[WhiteElo "1934"]
[BlackElo "2160"]
[EventDate "2018.10.20"]
[PlyCount "98"]

1.e4 e5 2.Nf3 Nc6 3.d4 exd4 4.Nxd4 Nf6 5.Nxc6 bxc6 6.e5 Qe7 7.Qe2 Nd5 8.c4
Ba6 9.Nd2 g6 10.Nf3 Qb4+ 11.Kd1 Ne7 12.a3 Qb3+ 13.Qc2 Qxc2+ 14.Kxc2 c5 15.
Bd3 Nc6 16.Re1 Bg7 17.Be3 O-O 18.Bxc5 Rfe8 19.Re2 Nxe5 20.Nxe5 Rxe5 21.
Rxe5 Bxe5 22.Re1 d6 23.Be3 f5 24.f4 Bf6 25.b3 Bb7 26.g3 Re8 27.Kd2 Bb2 28.
Bf2 Be4 29.Bxe4 fxe4 30.a4 a5 31.Kc2 Ba3 32.Be3 Bb4 33.Rd1 Kf7 34.Bd2 Bxd2
35.Kxd2 Rb8 36.Kc3 Ke6 37.Rd5 Ra8 38.Rd4 Kf5 39.h3 Re8 40.Rd5+ Ke6 41.Kd4 
Kd7 42.Ke3 c5 43.Rd1 Kc6 44.g4 Rb8 45.Rb1 d5 46.cxd5+ Kxd5 47.Rd1+ Ke6 48.
Rc1 Rb7 49.b4 Rxb4 0-1

[Event "22nd Hoogeveen op"]
[Site "Hoogeveen NED"]
[Date "2018.10.21"]
[Round "2.31"]
[White "Rubingh, Otto"]
[Black "Biermann, Florian"]
[Result "1/2-1/2"]
[WhiteElo "2154"]
[BlackElo "2024"]
[EventDate "2018.10.20"]
[PlyCount "68"]

1.d4 Nf6 2.Nf3 g6 3.c4 Bg7 4.Nc3 O-O 5.Bg5 c5 6.Qd2 cxd4 7.Nxd4 Nc6 8.e3 
Nxd4 9.exd4 d5 10.Bxf6 Bxf6 11.Nxd5 Bg7 12.Rd1 Bg4 13.f3 Be6 14.Nc3 Qb6 
15.Na4 Qc7 16.Nc5 Bf5 17.Nb3 a5 18.d5 Qe5+ 19.Be2 Qxb2 20.Qxb2 Bxb2 21.Nd4
Rac8 22.Nxf5 gxf5 23.Rb1 Bc3+ 24.Kd1 Rc7 25.Kc2 Bb4 26.Kb3 b5 27.Rbc1 Rfc8
28.a4 bxc4+ 29.Rxc4 Rc6 30.Rc5 R6c7 31.Rc4 Rxc4 32.Bxc4 Kg7 33.Rd1 Kf6 34.
Rd4 h6 1/2-1/2

[Event "22nd Hoogeveen op"]
[Site "Hoogeveen NED"]
[Date "2018.10.22"]
[Round "4.13"]
[White "Den Hartog, Marijn"]
[Black "Konings, Frans"]
[Result "1-0"]
[WhiteElo "2296"]
[BlackElo "2195"]
[EventDate "2018.10.20"]
[PlyCount "115"]

1.e4 e5 2.Nf3 Nc6 3.Bc4 Bc5 4.d3 Nf6 5.O-O d6 6.c3 a6 7.Bb3 Ba7 8.h3 h6 9.
Re1 O-O 10.Nbd2 Be6 11.Nc4 Re8 12.Ne3 Qd7 13.Bc2 Rad8 14.d4 exd4 15.Nxd4 
Nxd4 16.cxd4 d5 17.e5 Ne4 18.b4 Qe7 19.f3 Qh4 20.fxe4 dxe4 21.Bb2 Bxh3 22.
gxh3 Rxe5 23.Ng2 Qxh3 24.Re3 Qe6 25.dxe5 Rxd1+ 26.Rxd1 Qxa2 27.Bxe4 Kf8 
28.Rd2 Qc4 29.Bf3 Qxb4 30.Re2 g5 31.Kf1 Bxe3 32.Nxe3 Qf4 33.Kg2 c6 34.Bg4 
Qe4+ 35.Bf3 Qf4 36.Bc3 b5 37.Bxc6 Kg8 38.Bf3 b4 39.Nd5 Qc4 40.Bb2 Kf8 41.
Nf6 Qd3 42.Rf2 a5 43.Be4 Qd1 44.e6 fxe6 45.Bc2 Qd8 46.Nh7+ Kg8 47.Rf8+ 
Qxf8 48.Nxf8 Kxf8 49.Bf6 Kf7 50.Bd8 a4 51.Bxa4 Kg6 52.Bc2+ Kh5 53.Kg3 e5 
54.Be7 b3 55.Bxb3 Kg6 56.Bc2+ Kh5 57.Be4 g4 58.Bf5 1-0

[Event "22nd Hoogeveen op"]
[Site "Hoogeveen NED"]
[Date "2018.10.22"]
[Round "4.20"]
[White "Klaren, Duncan"]
[Black "Bluhm, Sonja Maria"]
[Result "0-1"]
[WhiteElo "1950"]
[BlackElo "2281"]
[EventDate "2018.10.20"]
[PlyCount "56"]

1.e4 c5 2.Nf3 Nc6 3.d4 cxd4 4.Nxd4 Nf6 5.Nc3 e6 6.Bg5 Qa5 7.Bxf6 gxf6 8.
Nb5 Bc5 9.Nd6+ Ke7 10.Nc4 Qc7 11.Qd2 Ne5 12.O-O-O Nxc4 13.Bxc4 a6 14.Rhe1 
b5 15.Qh6 Bb7 16.Bd5 b4 17.e5 fxe5 18.Ne4 Rhc8 19.Qf6+ Ke8 20.Qh8+ Bf8 21.
Nd6+ Ke7 22.Qxh7 Bxd5 23.Nxf7 Qxc2+ 24.Qxc2 Rxc2+ 25.Kxc2 Kxf7 26.Rxe5 Bg7
27.Re3 Ra7 28.Rg3 Rc7+ 0-1

[Event "22nd Hoogeveen op"]
[Site "Hoogeveen NED"]
[Date "2018.10.23"]
[Round "5.1"]
[White "Amin, Bassem"]
[Black "Guseinov, Gadir"]
[Result "1-0"]
[WhiteElo "2686"]
[BlackElo "2667"]
[EventDate "2018.10.20"]
[PlyCount "99"]

1.e4 c5 2.Nf3 Nc6 3.Bb5 g6 4.Bxc6 bxc6 5.O-O Bg7 6.Re1 Nh6 7.c3 O-O 8.h3 
f5 9.e5 Nf7 10.d3 d6 11.Bf4 Ba6 12.Na3 Rb8 13.Qd2 dxe5 14.Nxe5 Nxe5 15.
Bxe5 Bxe5 16.Rxe5 Qxd3 17.Qc1 Rfd8 18.Rxe7 Rd7 19.Rxd7 Qxd7 20.c4 Qd4 21.
b3 Rd8 22.Nc2 Qd2 23.Ne1 Qxc1 24.Rxc1 f4 25.Rc3 Rd1 26.Kf1 Ra1 27.a4 Bc8 
28.Ke2 Bf5 29.Nd3 g5 30.Nxc5 Ra2+ 31.Kf3 Bc2 32.Ne6 Bd1+ 33.Ke4 h6 34.g3 
Kf7 35.Nd8+ Ke8 36.Nxc6 Re2+ 37.Kf5 Rxf2 38.gxf4 gxf4 39.Nd4 f3 40.Kf4 Rb2
41.Rd3 f2 42.Rxd1 Rd2 43.Rf1 Rxd4+ 44.Ke3 Rh4 45.Rxf2 Rxh3+ 46.Rf3 Rxf3+ 
47.Kxf3 a5 48.Ke4 Ke7 49.Ke5 Kf7 50.Ke4 1-0

[Event "22nd Hoogeveen op"]
[Site "Hoogeveen NED"]
[Date "2018.10.23"]
[Round "5.19"]
[White "Damen, Jip"]
[Black "Hamblok, Roel"]
[Result "0-1"]
[WhiteElo "2192"]
[BlackElo "2275"]
[EventDate "2018.10.20"]
[PlyCount "52"]

1.e4 e6 2.d4 d5 3.Nc3 Nf6 4.Bg5 Bb4 5.e5 h6 6.Bh4 g5 7.Bg3 Ne4 8.Ne2 f5 9.
exf6 Qxf6 10.a3 Nxg3 11.hxg3 Be7 12.Ng1 Nc6 13.Bb5 O-O 14.f4 Nxd4 15.Bd3 
gxf4 16.Nf3 Nxf3+ 17.Qxf3 Qe5+ 18.Ne2 fxg3 19.Qxg3+ Qxg3+ 20.Nxg3 Bg5 21.
c4 c6 22.Ke2 e5 23.Bc2 Bg4+ 24.Kd3 Rf2 25.Rhg1 Bf4 26.Nh1 Bf5+ 0-1

[Event "22nd Hoogeveen op"]
[Site "Hoogeveen NED"]
[Date "2018.10.23"]
[Round "5.29"]
[White "Zarkovic, Mila"]
[Black "Van der Hagen, Loek"]
[Result "1-0"]
[WhiteElo "2213"]
[BlackElo "1820"]
[EventDate "2018.10.20"]
[PlyCount "94"]

1.e4 c5 2.Nf3 d6 3.d4 cxd4 4.Nxd4 Nf6 5.Nc3 Nc6 6.Be3 Ng4 7.Bg5 Qb6 8.Bb5 
e5 9.Nd5 Qxd4 10.Qxd4 exd4 11.Nc7+ Kd7 12.Nxa8 b6 13.h3 Ne5 14.O-O-O Bb7 
15.Nxb6+ axb6 16.Rxd4 Be7 17.Bxe7 Kxe7 18.Bxc6 Nxc6 19.Rd2 Ne5 20.b3 h5 
21.Rhd1 Rd8 22.f3 g5 23.Rd4 Bc6 24.a4 Ke6 25.Kb2 f6 26.Rb4 Nd7 27.Ka3 h4 
28.Rc4 Ne5 29.Rcd4 Rd7 30.c4 Nf7 31.b4 Ra7 32.a5 Ke5 33.Kb3 bxa5 34.b5 Bb7
35.Ka4 Kf4 36.Rxd6 Nxd6 37.Rxd6 Ke5 38.c5 Ra8 39.Rd7 Bc8 40.Rd8 Ke6 41.c6 
Bb7 42.Rxa8 Bxa8 43.Kxa5 Ke7 44.Ka6 Kd8 45.Kb6 Kc8 46.Kc5 Kb8 47.b6 Kc8 
1-0

[Event "22nd Hoogeveen op"]
[Site "Hoogeveen NED"]
[Date "2018.10.23"]
[Round "5.31"]
[White "Husers, Yannic"]
[Black "Biermann, Lenhard"]
[Result "0-1"]
[WhiteElo "1866"]
[BlackElo "2153"]
[EventDate "2018.10.20"]
[PlyCount "58"]

1.e4 e6 2.d4 d5 3.Nd2 h6 4.Bd3 c5 5.c3 cxd4 6.cxd4 dxe4 7.Nxe4 Bb4+ 8.Nc3 
Nc6 9.Ne2 Nf6 10.O-O O-O 11.a3 Be7 12.b4 b6 13.Ra2 Nd5 14.Ne4 Bb7 15.Bb1 
f5 16.N4g3 Nc7 17.Qd3 Qd5 18.Rd2 Nxb4 19.Nf4 Nxd3 20.Nxd5 Nxd5 21.Bxd3 Nf4
22.Bc4 Nxg2 23.Bxe6+ Kh8 24.Nxf5 Bg5 25.Rdd1 Bxc1 26.Rxc1 Nf4 27.d5 Nxe6 
28.Ne7 Nf4 29.Rc7 Bxd5 0-1

[Event "22nd Hoogeveen op"]
[Site "Hoogeveen NED"]
[Date "2018.10.25"]
[Round "7.6"]
[White "Zwirs, Nico"]
[Black "Kuipers, Stefan"]
[Result "1/2-1/2"]
[WhiteElo "2410"]
[BlackElo "2467"]
[EventDate "2018.10.20"]
[PlyCount "86"]

1.c4 c6 2.e4 d5 3.exd5 Nf6 4.d4 cxd5 5.Nc3 g6 6.Qb3 Bg7 7.cxd5 O-O 8.Nge2 
a5 9.Nf4 g5 10.Nd3 a4 11.Nxa4 Nxd5 12.Nc3 e6 13.Nxd5 exd5 14.Be3 Nc6 15.
Be2 Qa5+ 16.Qc3 Nxd4 17.Qxa5 Rxa5 18.Bd1 Bf5 19.Kd2 Ne6 20.f3 Bxd3 21.Kxd3
Bxb2 22.Rb1 Bf6 23.Bb3 d4 24.Bxe6 fxe6 25.Bd2 Ra4 26.Rxb7 Rxa2 27.Rc1 Rf7 
28.Rcb1 Kg7 29.g4 Be7 30.Bb4 Bxb4 31.R1xb4 Ra3+ 32.Kxd4 Rxf3 33.Ke5 Re3+ 
34.Kd6 h6 35.Rxf7+ Kxf7 36.Rb2 Re4 37.h3 Kf6 38.Rd2 Rf4 39.Rd3 Rf1 40.Rd2 
Rf3 41.Rd1 Rxh3 42.Rf1+ Kg6 43.Ke7 e5 1/2-1/2

[Event "22nd Hoogeveen op"]
[Site "Hoogeveen NED"]
[Date "2018.10.25"]
[Round "7.20"]
[White "Thrish, Karthik"]
[Black "Hamblok, Roel"]
[Result "0-1"]
[WhiteElo "2116"]
[BlackElo "2275"]
[EventDate "2018.10.20"]
[PlyCount "124"]

1.d4 Nf6 2.Bf4 d5 3.e3 c5 4.Nc3 cxd4 5.exd4 a6 6.Nf3 Nc6 7.Ne5 e6 8.Nxc6 
bxc6 9.Na4 Bd6 10.Bxd6 Qxd6 11.Bd3 O-O 12.O-O Rb8 13.f4 Nd7 14.b3 c5 15.
Nxc5 Nxc5 16.dxc5 Qxc5+ 17.Kh1 g6 18.Qe2 d4 19.Qe5 Qb6 20.Rae1 Bb7 21.Qf6 
Qd8 22.Qxd8 Rfxd8 23.Re5 Bd5 24.Kg1 a5 25.a4 Rbc8 26.Rd1 Rc7 27.Kf2 Kg7 
28.Rd2 h6 29.Re1 Rdc8 30.Be4 Bxe4 31.Rxe4 Rxc2 32.Rxd4 R8c3 33.Rxc2 Rxc2+ 
34.Kg1 Rc3 35.b4 axb4 36.Rxb4 Rc2 37.h3 g5 38.fxg5 hxg5 39.h4 gxh4 40.Rxh4
Ra2 41.Re4 Kf6 42.g4 e5 43.Rb4 Kg5 44.Rb7 f6 45.Rg7+ Kh6 46.Ra7 Rb2 47.a5 
Rb4 48.a6 Rxg4+ 49.Kf2 Ra4 50.Ra8 Kg5 51.Ke3 Kf5 52.a7 Ra3+ 53.Ke2 e4 54.
Kf2 Kf4 55.Ke2 f5 56.Kf2 Ra2+ 57.Kg1 e3 58.Kf1 Kf3 59.Kg1 e2 60.Re8 Rxa7 
61.Re5 f4 62.Kh2 Kf2 0-1

[Event "22nd Hoogeveen op"]
[Site "Hoogeveen NED"]
[Date "2018.10.26"]
[Round "8.9"]
[White "Colijn, Stefan"]
[Black "De Jong, Migchiel"]
[Result "1/2-1/2"]
[WhiteElo "2340"]
[BlackElo "2309"]
[EventDate "2018.10.20"]
[PlyCount "25"]

1.Nf3 c5 2.c4 Nf6 3.Nc3 d5 4.cxd5 Nxd5 5.Qa4+ Nc6 6.Ne5 Nb4 7.a3 Nc2+ 8.
Qxc2 Nxe5 9.g3 Bd7 10.Bg2 Bc6 11.O-O e6 12.d3 Be7 13.Bd2 1/2-1/2

[Event "22nd Hoogeveen op"]
[Site "Hoogeveen NED"]
[Date "2018.10.26"]
[Round "8.10"]
[White "Murray, David"]
[Black "Bertholee, Rob"]
[Result "0-1"]
[WhiteElo "2222"]
[BlackElo "2334"]
[EventDate "2018.10.20"]
[PlyCount "92"]

1.d4 e6 2.e4 d5 3.Nc3 Bb4 4.e5 b6 5.Qg4 Bf8 6.h4 Qd7 7.a4 Ba6 8.Nb5 Ne7 9.
Bd3 Bb7 10.b3 a6 11.Na3 c5 12.c3 Nbc6 13.Nc2 Na5 14.Rb1 h5 15.Qe2 c4 16.
bxc4 dxc4 17.Bxc4 Bxg2 18.Rh2 Bb7 19.Bd3 Qxa4 20.Rxb6 Nd5 21.Bxa6 Rxa6 22.
Rxa6 Bxa6 23.Qxa6 Be7 24.Qa8+ Bd8 25.Ne3 Nxc3 26.Bb2 Qb4 27.Bxc3 Qxc3+ 28.
Kf1 Qxd4 29.Nf3 Qd3+ 30.Kg2 O-O 31.Qa7 Qg6+ 32.Kh3 Qe4 33.Kg3 Nc6 34.Qb7 
f5 35.Kg2 Rf7 36.Qa8 f4 37.Nf1 Rd7 38.Rh3 Rd3 39.Qc8 Kh7 40.Nh2 Qg6+ 41.
Ng5+ Bxg5 42.Rxd3 Bxh4+ 43.Kh1 Bxf2 44.Ng4 hxg4 45.Qxc6 f3 46.Qc1 Qh5# 0-1